Coming to America : (Record no. 4084)

MARC details
000 -LEADER
fixed length control field 01380cam a2200349 a 4500
001 - CONTROL NUMBER
control field 4084
003 - CONTROL NUMBER IDENTIFIER
control field FISKH
005 - DATE AND TIME OF LATEST TRANSACTION
control field 20250826104816.0
008 - FIXED-LENGTH DATA ELEMENTS--GENERAL INFORMATION
fixed length control field 940823s1996 nyua j 000 0 eng
010 ## - LIBRARY OF CONGRESS CONTROL NUMBER
LC control number 94031110
020 ## - INTERNATIONAL STANDARD BOOK NUMBER
International Standard Book Number 0590441515
040 ## - CATALOGING SOURCE
Original cataloging agency DLC
Transcribing agency DLC
Modifying agency DLC
Language of cataloging eng
042 ## - AUTHENTICATION CODE
Authentication code lcac
043 ## - GEOGRAPHIC AREA CODE
Geographic area code n-us---
-- n-us-ny
050 00 - LIBRARY OF CONGRESS CALL NUMBER
Classification number JV6450
Item number .M34 1996
082 00 - DEWEY DECIMAL CLASSIFICATION NUMBER
Classification number 304.8/73/009
Edition number 20
100 1# - MAIN ENTRY--PERSONAL NAME
Personal name Maestro, Betsy.
245 10 - TITLE STATEMENT
Title Coming to America :
Remainder of title the story of immigration /
Statement of responsibility, etc. by Betsy Maestro ; illustrated by Susannah Ryan.
260 ## - PUBLICATION, DISTRIBUTION, ETC.
Place of publication, distribution, etc. New York :
Name of publisher, distributor, etc. Scholastic,
Date of publication, distribution, etc. 1996.
300 ## - PHYSICAL DESCRIPTION
Extent 40 unnumbered pages :
Other physical details color illustrations ;
Dimensions 28 cm
505 ## - FORMATTED CONTENTS NOTE
Formatted contents note R<br/>
520 ## - SUMMARY, ETC.
Summary, etc. Explores the evolving history of immigration to the United States, a long saga about people coming first in search of food and then, later in a quest for religious and political freedom, safety, and prosperity.
521 8# - TARGET AUDIENCE NOTE
Target audience note 700<br/>
Source Lexile adjusted <br/>
521 8# - TARGET AUDIENCE NOTE
Target audience note R <br/>
Source Raz-Plus<br/>
610 20 - SUBJECT ADDED ENTRY--CORPORATE NAME
Corporate name or jurisdiction name as entry element Ellis Island Immigration Station (N.Y. and N.J.)
General subdivision History
-- Juvenile literature.
650 #0 - SUBJECT ADDED ENTRY--TOPICAL TERM
Topical term or geographic name entry element Immigrants
Geographic subdivision United States
General subdivision History
-- Juvenile literature.
651 #0 - SUBJECT ADDED ENTRY--GEOGRAPHIC NAME
Geographic name United States
General subdivision Emigration and immigration
-- History
-- Juvenile literature.
700 1# - ADDED ENTRY--PERSONAL NAME
Personal name Ryan, Susannah,
Relator term illustrations
906 ## - LOCAL DATA ELEMENT F, LDF (RLIN)
a 7
b cbc
c orignew
d 1
e ocip
f 19
g y-gencatlg
942 ## - ADDED ENTRY ELEMENTS (KOHA)
Source of classification or shelving scheme Dewey Decimal Classification
Koha item type Books
Suppress in OPAC No
Holdings
Withdrawn status Lost status Source of classification or shelving scheme Damaged status Not for loan Collection Home library Current library Shelving location Date acquired Total Checkouts Full call number Barcode Date last seen Copy number Price effective from Koha item type
    Dewey Decimal Classification     Non-Fiction Footprints International School Library Network Toul Kork Campus Footprints International School Library Network Toul Kork Campus TK Primary Library Room(4th Floor), Bookcase 5&6, Shelves 33-56, Orange Books 06/06/2024   MAE 304.873009 JV6450.M34 FISTK02460 06/06/2024 1 06/06/2024 Books
    Dewey Decimal Classification     Non-Fiction Footprints International School Library Network Toul Tom Poung Campus Footprints International School Library Network Toul Tom Poung Campus TTP Primary Orange Bookshelves 08/26/2025   MAE 304.873009 JV6450.M34 FIS02471 08/26/2025 2 08/26/2025 Books
    Dewey Decimal Classification     Non-Fiction Footprints International School Library Network Toul Tom Poung Campus Footprints International School Library Network Toul Tom Poung Campus TTP Primary Orange Bookshelves 09/11/2025   MAE 304.873009 JV6450.M34 FISBK06264 09/11/2025 3 09/11/2025 Books